| 000 | 00666nam a2200193 a 4500 | ||
|---|---|---|---|
| 001 | 000016906 | ||
| 005 | 20200929165001.0 | ||
| 008 | 100312s1994 dr a 000 0 spa d | ||
| 040 |
_aDO-SdBNP _bspa _cBNPHU |
||
| 082 |
_axxx _bG897m |
||
| 100 | 1 |
_aGuadamuz Sandoval, Lorenzo _917392 |
|
| 245 | 1 | 0 |
_aModernización del sistema educativo en el marco de la modernización económica y el combate de la pobreza / _cLorenzo Guadamuz Sandoval. |
| 260 |
_aSanto Domingo : _bEditora De Colores, _c1994. |
||
| 300 |
_a133 p. : _bil. ; _c25 cm. |
||
| 490 | 1 |
_aConferencia _v1 |
|
| 500 | _aIncluye notas al pie de páginas | ||
| 830 | 0 |
_aConferencia _n1 _937398 |
|
| 049 | _aBNPD | ||
| 999 |
_c16438 _d16438 |
||